| 000 | 00442nam a2200157Ia 4500 | ||
|---|---|---|---|
| 003 | Ost | ||
| 005 | 20260225132539.0 | ||
| 008 | 260225s9999||||xx |||||||||||||| ||und|| | ||
| 040 | _cfsic | ||
| 041 | _afre | ||
| 082 | _a70.4 | ||
| 100 |
_aTristan mattelart _eAuteur |
||
| 245 | 0 | _aLe cheval de troie audio-visuel.Le rideau de fer à l'épreuve des radios et télévisions transfrontières / | |
| 245 | 0 | _cTristan mattelart | |
| 942 | _cكتاب | ||
| 999 |
_c33392 _d33392 |
||